Gaming Quiz

Random Gaming Quiz

Name the Clan Weapons In Pixel gun Quiz Stats

 Plays Quiz not verified by Sporcle

Score 0/26 Timer 10:00
0 Plays Today
Hint Answer % Correct
Reaper
91.7%
Black Mamba
83.3%
Paintball Rifle
83.3%
Excalibur
75%
Power Fists
75%
Eraser
75%
Frozen Dragon
75%
Prototype S
75%
Void Ray Rifle
75%
Chip Sword
75%
Third Eye
66.7%
Poseidon Trident
66.7%
Mountain Wolf
66.7%
Hint Answer % Correct
Soulstone
66.7%
Electrosphere
66.7%
Dino Slayer
66.7%
Flag Keeper
66.7%
Blighter
66.7%
Neon Fighter
66.7%
Warmaster
66.7%
Hurricane
58.3%
Special Agent
58.3%
Vampire Hunter
58.3%
Leader’s Sword
58.3%
Veteran
58.3%
Combat Slinger
58.3%

You're not logged in!

Compare scores with friends on all Sporcle quizzes.
OR
Log In

Sporcle TV

Today on Sporcle TV


Watch our educational content, quiz creation guides, and fun videos on Sporcle TV.

Show Comments

Extras

Created Apr 30, 2019ReportNominate
Tags:clan, gun, Pixel

Top Quizzes Today


Score Distribution

Your Account Isn't Verified!

In order to create a playlist on Sporcle, you need to verify the email address you used during registration. Go to your Sporcle Settings to finish the process.

Report this User

Report this user for behavior that violates our Community Guidelines.

Details: